03690Cam#a22005535a#4500003000900000005001700009008004100026020002200067040002800089041000800117044000700125080001400132110009500146245019100241250001200432260006700444300004500511505015300556505014400709505021900853505014201072505010501214505009801319505013601417505011601553505011201669505008201781505009201863505016801955505017002123505012002293505019702413610008202610650002302692650001302715650001802728651002902746651004202775651005202817653002902869653002702898908000802925930001002933942001302943945002002956980004302976999001703019952010003036AR-RoUNA20260625121417.0100216s2009||||ag|||||| |||| 0|spa d a978-987-677-022-4 aAR-RoUNAbspadAR-RoUNA aspa aag a378x(82)2 aArgentina. Universidad Nacional de Rosario. bSecretaria de Ciencia y Tecnología.92060410aJornadas de Ciencia y Tecnologia, IV :bDivulgación de la Producción Científica y Tecnológica de la UNR /cSecretaria de Ciencia y Tecnología. coordinado por Clara Eder López a1a. ed. aRosario (Santa Fe, Argentina) :bLaborde Libros Editor,c2011. a605 p :bgráficosbil. byn.c23x16 cm.0 aNoemí, Adagio / De Harvard a Mendoza: una revisión de la arquitectura y su aprendizaje, bajo el signo de un "nuevo humanismo" (1946-1962). p. 110 aGabriel Azorey; Miguel Garrofé / El ferrocarril en la construcción del Patrimonio Metropolitano de Rosario. Fisherton y Roldán. p. 370 aM. Beretta y otros / La memoria y la historia como forma de participación social: el caso de Barrio Acindar de Rosario recuperación participativa de la historia Barrial: caso Barrio Acindar: 1942 al 2010. p. 710 aAnalía Brarda; Roberto De Gregorio; Noemí Balmaceda y Elina Heredia / Los edificios escolares en el escenario rural 1945-1955. p. 1010 aBibiana Cicutti / Identidades cartográficas. La mirada del territorio a través del plano. p. 1230 aElio Di Bernardo y otros / Sustentabilidad ambiental relativa de los sistemas urbanos. p. 1640 aSilvia Dócola / La confederación Argentina para Germán Burmeister en 1861. El mapa como recomposición de fragmentos. p. 1700 aJorge Español / Rosario a través del parabrisas. Planes urbanos y vías de circulación 1954-1968. p. 1810 aCecilia, Galimberti / Paisaje cultural en la contemporaneidad de la ribera metropolitana de Rosario. p. 2230 aSilvia Longo / Manuales para vivienda urbana en Argentina (1932-1943). p. 2810 aIsabel Martínez de San Vicente y otros / Uso del suelo y expansiones urbanas . p. 3000 aAicia Mateos, César Altuzarra y otros / Evaluación del impacto de las intervenciones 2009 sobre edificios escolares del área metropolitana de Rosario. p. 3040 aAníbal Moliné Lura; Ana Espinosa; María José Panvini y Horacio Panvini / Incorporación de plásticos como agregado inerte en morteros y hormigones. p. 3240 aMarcelo Salgado y otros / Vivienda social en relación al desarrollo de iniciativas productivas en Rosario. p. 4860 aJorge Vázquez; Patricia Mosconi y Sonia Omelianiuk / Iluminación urbana y características espaciales de las calles: análisis de propuestas alternativas en la ciudad de Rosario. p. 56424aUniversidad Nacional de Rosario. bSecretaria de Ciencia y Tecnologia.9206044 aEducacion Superior4 aJornadas4 aUniversidades40aSanta Fe (Argentina)96240aRoldán (Santa Fe, Argentina)92780040aFisherton (Rosario, Santa Fe, Argentina)927801 aProducción cientificos aExploracion Proyectual aImp e12357 2udccLIB aMTCd2024-02-29 gMaría Machado65aMaría Machado85 c12495d12495 00102udc4070aAR-RoUNAbAR-RoUNAcDird2026-06-25eDonl0o378(82) U58p18542tej. 1yLIBx